Name the Spongebob Acronym Quiz Stats

 Plays Quiz not verified by Sporcle

Score 0/20 Timer 05:00
0 Plays Today
Letter Word it Stands for % Correct
SSponge
79.3%
BBob
75.5%
PPants
63.2%
Tthe
63.2%
Aand
63.2%
SSquare
62.8%
Oof
61.7%
Oof
61.7%
BBikini
54.8%
BBottom
54.8%
Letter Word it Stands for % Correct
Tto
44.4%
OOut
39.1%
Ooff
34.9%
CCitizens
34.5%
KKeep
33.3%
AAll
33%
RRoad
32.2%
UUnited
31%
BBoats
28.4%
TTogether
23.4%

You're not logged in!

Compare scores with friends on all Sporcle quizzes.
OR
Log In

Show Comments

Extras

Top Quizzes Today


Score Distribution

Your Account Isn't Verified!

In order to create a playlist on Sporcle, you need to verify the email address you used during registration. Go to your Sporcle Settings to finish the process.

Report this User

Report this user for behavior that violates our Community Guidelines.

Details: